| 000 | 01073cam a2200349 i 4500 | ||
|---|---|---|---|
| 999 |
_c478513 _d478513 |
||
| 001 | 18141855 | ||
| 003 | NUST | ||
| 005 | 20180601071314.0 | ||
| 008 | 140506s2012 enka 001 0 eng | ||
| 010 | _a 2013372144 | ||
| 020 | _a9781849733595 (pbk) | ||
| 038 | _aSNS Library | ||
| 040 |
_aDLC _beng _erda _cDLC |
||
| 042 | _apcc | ||
| 050 | 0 | 0 |
_aQD39.3.M3 _bC63 2012 |
| 082 | _a540.151 | ||
| 100 | 1 |
_aCockett, Martin. _910734 |
|
| 245 | 1 | 0 |
_aMaths for chemists _cMartin Cockett & Graham Doggett. |
| 250 | _a2nd edition. | ||
| 264 | 1 |
_aCambridge : _bRSC Publishing, _c[2012] |
|
| 300 |
_axiv, 389 pages : _billustrations ; _c25 cm. |
||
| 336 |
_atext _btxt _2rdacontent |
||
| 337 |
_aunmediated _bn _2rdamedia |
||
| 338 |
_avolume _bnc _2rdacarrier |
||
| 490 | 0 |
_aTutorial chemistry texts ; _vno. 25 |
|
| 500 | _aIncludes index. | ||
| 650 | 0 |
_aChemistry _xMathematics. _910735 |
|
| 700 | 1 |
_aDoggett, Graham. _910736 |
|
| 906 |
_a7 _bcbc _corigcop _d2 _encip _f20 _gy-gencatlg |
||
| 942 |
_2ddc _cBK |
||